• 首页
  • 本馆介绍
  • 公告通知
  • 最新文献
  • 馆藏检索
  • 电子资源
  • 读者导购
  • 参考咨询
  • 我的图书馆
  • 登录
  • 详细信息显示
  • 放入我的书架
  • 预约/预借图书
  • 作者相关作品
  • 分类相关作品
  • 丛书相关作品
  • 出版社相关作品

书目信息

  • 表格格式
  • 工作单格式
  • 卡片格式
题名:
酵母源金属硫蛋白与铅中毒改善
    
 
作者: 王颖 , 张桂芳 , 张东杰 著
分册:  
出版信息: 北京   科学出版社  2016.06
页数: 249页
开本: 24cm
丛书名: 博士后文库
单 册:
中图分类: Q51 , R595.2
科图分类:
主题词: 金属蛋白--研究 , 铅中毒--研究
电子资源:
ISBN: 978-7-03-048525-0
000 01148oam2 2200301 450
001 661
005 20180924091449.08
010    @a978-7-03-048525-0@dCNY118.00
100    @a20160826d2016 em y0chiy50 ea
101 0  @achi
102    @aCN@b110000
105    @aa z 000yy
200 1  @a酵母源金属硫蛋白与铅中毒改善@9jiao mu yuan jin shu liu dan bai yu qian zhong du gai shan@f王颖, 张桂芳, 张东杰著
210    @a北京@c科学出版社@d2016.06
215    @a249页@c图@d24cm
225 1  @a博士后文库
300    @a中国博士后科学基金资助出版
330    @a本书分为基本理论知识概述、酵母源金属硫蛋白的抗氧化作用和铅毒危害改善试验探索两篇,共9章。内容包括:金属硫蛋白概述、酵母源金属硫蛋白概述、高产酵母源金属硫蛋白菌株的筛选和培养优化、酵母源金属硫蛋白分享纯化的研究、酵母源金属硫蛋白抗氧化活性的研究等。
461  0 @12001 @a博士后文库
606 0  @a金属蛋白@x研究
606 0  @a铅中毒@x研究
690    @aQ51@v5
690    @aR595.2@v5
701  0 @a王颖@9wang ying@f(1979- )@4著
701  0 @a张桂芳@9zhang gui fang@f(1980- )@4著
701  0 @a张东杰@9zhang dong jie@f(1966- )@4著
801  0 @aCN@b91MARC@c20160826
905    @aMuseLib@dQ51@e252
    
    酵母源金属硫蛋白与铅中毒改善/王颖, 张桂芳, 张东杰著.-北京:科学出版社,2016.06
    249页:图;24cm.-(博士后文库)
    中国博士后科学基金资助出版
    
    ISBN 978-7-03-048525-0:CNY118.00
    本书分为基本理论知识概述、酵母源金属硫蛋白的抗氧化作用和铅毒危害改善试验探索两篇,共9章。内容包括:金属硫蛋白概述、酵母源金属硫蛋白概述、高产酵母源金属硫蛋白菌株的筛选和培养优化、酵母源金属硫蛋白分享纯化的研究、酵母源金属硫蛋白抗氧化活性的研究等。
●
相关链接 在E读中查询图书 在五车中查询图书 在当当中查询图书 在豆瓣中查询图书


正题名:酵母源金属硫蛋白与铅中毒改善     索取号:Q51/252         预约/预借

序号 登录号 条形码 馆藏地/架位号 状态 备注
1 1120091   211200911   第二样本阅览室/ [索取号:Q51/252] 在馆    
2 1120092   211200920   第三借阅区/ [索取号:Q51/252] 在馆    
3 1120093   211200939   化学系资料室/ [索取号:Q51/252] 在馆    
4 1120094   211200948   第三借阅区/ [索取号:Q51/252] 在馆    
唐山师范学院图书馆 欢迎您!
大连网信软件有限公司© 版权所有